00691nam a22001937a 450000500170000001000150001702000270003203500140005903700150007308200150008810000200010324500700012326000420019327000540023530000300028994200290031999900190034895201300036720180712111221.0 aENG-123451 c1495.00a9788170263746 aEN-106983 bDBAD/PUB.  a746.920688 aSachdeva, Nidhi aFashion:cby Nidhi Sachdevabmarketing, merchandising anb buying/ aNew DelhibHeritage Publishers c2018 a19-A, Ansari Road, Daryaganj,bNew Delhie110002 avi,191p.c21cm(pbk)bill. 2ddccENh746.920688mSAC c153860d153860 001040718NFICaDBADbBL1d2018-07-12eDBAD/PUBg1495.00l0o746.920688 SACpEN-106983r2018-07-12 00:00:00t1v1495.00yEN